| 000 | 00566cam a22002171 4500 | ||
|---|---|---|---|
| 001 | ca 36001017 | ||
| 003 | DLC | ||
| 005 | 20260227111142.0 | ||
| 008 | 790222s1931 xx 000 0 eng | ||
| 010 | _aca 36001017 | ||
| 035 | _a(OCoLC)4679935 | ||
| 040 |
_aDLC _cOCl _dDLC |
||
| 042 | _apremarc | ||
| 050 | 0 | 0 |
_aPN6120.C5 _bC28 |
| 082 | _a812.5 | ||
| 100 | 1 | _aCarey, Leslie R. | |
| 245 | 1 | 0 |
_aSolitaire, _ba Christmas play, _cby Leslie R. Carey. |
| 260 |
_aBoston, _bWalter H. Baker company _c[c1931] |
||
| 300 |
_a28 p. _c19 cm. |
||
| 650 | 0 | _aChristmas plays. | |
| 999 |
_c18179 _d18179 |
||